000
00447nam a2200145Ia 4500
008
100204s9999 xx 000 0 und d
082
_b
15125
100
_a
वर्तक एन. टी.
245
_a
चटकदार कोडी
260
_b
"जयदीप प्रकाशन, पुणे"
_c
1991
300
_a
38
630
_a
चटकदार कोडी
730
_a
चटकदार कोडी
942
_c
BOOK
999
_c
459556
_d
459553